000 00403nam a22001697a 4500
005 20180323171307.0
008 160628b xxu||||| |||| 00| 0 eng d
020 _a81-203-1210-4
041 _aeng
082 _b10957
_a338.5
100 _aNellis, Joseph G and Parker, David
_93120
245 _aBusiness Economics
260 _bPHI
_c2004
300 _a212
650 _aManagement
_9241
942 _cBK
999 _c4560
_d4558